000 00259nam a2200097Ia 4500
001 1220265
005 20250827092807.0
008 250824s9999 xx 000 0 und d
245 0 _aKAYIP KİTAPLARIN İZİNDE
_cGIORGIO VAN STRATEN
260 _bEVEREST YAYINLARI
999 _c1220265
_d1220265